000 00248nam a2200109Ia 4500
008 190912s9999||||xx |||||||||||||| ||und||
100 _aThompson
245 0 _aStrategic Management
260 _aUSA
_bEducation
_c1998
300 _a1049
942 _cBK
999 _c7582
_d7582